000 00514nam a22001697a 4500
999 _c40695
_d40695
003 OSt
005 20201005141601.0
008 191029b ||||| |||| 00| 0 eng d
020 _a 9788190960670
040 _cMESKC library
082 _a843.8
_bVER/A
100 _aVerne, Jules
_994
245 _aAssi Din Mein Duniya Ki Sair=Around The World In 80 Days/
_cJules Verne
260 _aDelhi:
_bKids Knowledge Bank,
_c2013
300 _a136p
942 _2ddc
_cBK
_h843.8
_iVER/A
_k843.8
_mVER/A